Just Pick One: Short Stories Quiz Stats

Quiz Updated Aug 20, 2012

Challenge
Share
Tweet
Embed
Score 0/30 Timer 06:00
5 Plays Today
Short Story & Author Word % Correct
“The _____ of Sleepy Hollow”

Washington Irving
???
88.7%
“The _____ of the Magi”

O. Henry
???
86.2%
“What We Talk About When We Talk About _____

Raymond Carver
???
72.3%
“A Good _____ Is Hard to Find”

Flannery O’Connor
???
65.5%
“The _____ of the Red Death”

Edgar Allan Poe
???
62.9%
“Hills Like White _____

Ernest Hemingway
???
62.3%
“The _____ Burial”

Edgar Allan Poe
???
62.3%
“The _____

Shirley Jackson
???
60.9%
“The Lady or the _____?”

Frank Stockton
???
60%
“_____ and Symbols”

Vladimir Nabokov
???
57.9%
“To Build a _____

Jack London
???
47.7%
“A Sound of _____

Ray Bradbury
???
44%
“Welcome to the _____ House”

Kurt Vonnegut
???
43.8%
“The _____

James Joyce
???
40.3%
“The Lady with the _____

Anton Chekhov
???
38.4%
Short Story & Author Word % Correct
“_____

Chuck Palahniuk
???
31%
“For Esmé – with Love and _____

J. D. Salinger
???
30.1%
“A Perfect Day for _____

J. D. Salinger
???
27.4%
“_____ Feathers”

John Updike
???
23.4%
“A Very Old Man with Enormous _____

Gabriel García Márquez
???
23.3%
“The _____ Question”

Isaac Asimov
???
20.5%
“Ward No. _____

Anton Chekhov
???
20.4%
“A _____ Artist”

Franz Kafka
???
16.6%
“The Enormous _____

John Cheever
???
15.4%
“Love is not a _____

Amy Bloom
???
14.6%
“O Russet _____!”

F. Scott Fitzgerald
???
14.1%
“_____ Type”

Stephen King
???
13.7%
“The Gentleman Dressed in _____

Agatha Christie
???
6.5%
“The Ballad of the _____ Bullet”

Stephen King
???
5.7%
“Vanilla Bright Like _____

Michael Faber
???
5.1%

You're not logged in!

Compare scores with friends on all Sporcle quizzes.
Join for Free
OR
Log In

You Might Also Like...

Show Comments

Extras

Top Quizzes Today


Score Distribution

Your Account Isn't Verified!

In order to create a playlist on Sporcle, you need to verify the email address you used during registration. Go to your Sporcle Settings to finish the process.

Report this User

Report this user for behavior that violates our Community Guidelines.

Details: